Riconosci la Stato degli Stati Uniti - Quiz n°48 - Statistics

Statistiche generali
  • Questo quiz è stato fatto 8 volte
  • Il punteggio medio è 5 su 10
Statistiche sulle risposte
Indizio Risposta % Corretto
Fuso orario UTC-6, -7
86%
Popolazione 699 628 ab.
71%
Iniziale della Capitale B
71%
Superficie 183 272 km²
43%
Data di istituzione 2 novembre 1889
43%
Numero contee 53
43%
Rappresentanza parlamentare 1 Rappresentante: Kelly Armstrong (R) 2 Senatori: John Hoeven (R), Kevin Cramer (R)
29%
Altitudine 229 - 1 069 m s.l.m.
29%
Numero stati confinanti 3
29%
Stato federale Dakota del Nord
29%
Nessun quiz corrispondente trovato
Distribuzione punteggi
Percentuale di utenti per punteggio
Percentile per numero di risposta
I tuoi punteggi nel tempo
Non hai fatto questo quiz